| 000 | 00818nab a2200253 u 4500 | ||
|---|---|---|---|
| 001 | 16138 | ||
| 003 | HDC | ||
| 007 | cr bn ---aaaaa | ||
| 008 | 210221c mydr|noo 0 a may d | ||
| 040 | _aHDC | ||
| 100 |
_aAzran Jaffar _eauthor _99454 |
||
| 245 | 0 |
_aSilap andaian makan daging kambing _cby Azran Jaffar |
|
| 260 |
_aMalaysia: _bBerita Harian, _c2003 |
||
| 336 |
_atext _2rdacontent |
||
| 337 |
_acomputer _2rdamedia |
||
| 338 |
_aonline resource _2rdacarrier |
||
| 650 |
_aagriculture industry _92340 |
||
| 650 |
_abiotechnology _9343 |
||
| 710 | _aBerita Harian | ||
| 856 | _zRequest full-text at [email protected] | ||
| 942 | _2lcc | ||
| 942 | _cNEWS | ||
| 942 | _kNSWO 008404 | ||
| 999 |
_c13454 _d13454 |
||